Top 20 Future Song - Statistics

General Stats
  • This quiz has been taken 19 times
  • The average score is 10 of 20
Answer Stats
# Album Score Song % Correct
1 Monster 97 Codeine Crazy
81%
3 We Dont Trust You 93 Like That
81%
19 Heroes & Villains 88 Superhero
75%
7 Monster 93 Throw Away
75%
2 56 Nights 96 March Madness
69%
8 Future 92 Mask Off
69%
5 HNDRXX 93 Solo
69%
6 DS2 93 Fuck Up Somme Commas
56%
10 Evol 90 Low Life
56%
12 Monster 89 Monster
56%
4 DS2 93 The Percocet & Stripper Joint
56%
9 DS2 90 I Serve The base
50%
17 Heroes & Villains 88 Too many nights
50%
13 DS2 89 Stick Talk
38%
11 Future Hndrxx Presents:The WIZRD 90 F&N
25%
18 HNDRXX 88 Sorry
25%
15 Monster 88 After That
19%
14 Monster 89 My Savages
19%
20 Future Hndrxx Presents:The WIZRD 87 Crushed up
13%
16 DS2 88 Through It Wasa Drought
0%
No matching quizzes found
Score Distribution
Percent of People with Each Score
Percentile by Number Answered
Your Score History
You have not taken this quiz